000 00339nam a2200145Ia 4500
003 OSt
005 20240301102347.0
008 170524s9999 xx 000 0 und d
020 _a978-8126123544
040 _ciimtu meerut
100 _aMUNIRUDDIN
245 0 _aHISTORY OF JOURNALISM
260 _bANMOL PUB. : NEW DELHI
942 _2ddc
_c02
999 _c9222
_d9222